[Event "2024 British Rapidplay Championship"]
[Site "Holiday Inn Peterborough - West"]
[Date "2024.03.03"]
[Round "9.25"]
[White "Keerthi Kumar, Advait"]
[Black "Zhao, George"]
[Result "1/2-1/2"]
[WhiteFideId "498033"]
[BlackFideId "494607"]
[WhiteElo "1838"]
[BlackElo "1909"]
[EventDate "2024.03.02"]

1. e4 e6 2. d4 d5 3. Bd3 dxe4 4. Bxe4 Nf6 5. Bf3 c5 6. Be3 Qc7 7. Ne2 Nbd7 8. O-O
Be7 9. c3 O-O 10. Nd2 Nb6 11. Qc2 Bd7 12. Rad1 cxd4 13. Bxd4 Rfd8 14. Ne4 e5 15.
Be3 Ng4 16. Bxb6 axb6 17. b3 Nf6 18. Nxf6+ Bxf6 19. Ng3 g6 20. Rd3 Bc6 21. Rfd1 Bg7
22. Rxd8+ Rxd8 23. Rxd8+ Qxd8 24. Bxc6 bxc6 25. c4 c5 26. Ne4 Qd4 27. g3 Bf8 28.
Nf6+ Kg7 29. Nd5 b5 30. Kg2 b4 31. Ne3 f5 32. Nd5 Bd6 33. Qe2 e4 34. Qe3 Qxe3 35.
Nxe3 Kf6 36. Kf1 h5 37. Ke2 g5 38. Nd5+ Ke5 39. Ke3 Bf8 40. f3 f4+ 41. gxf4+ gxf4+
42. Ke2 e3 43. Kd3 Bd6 44. Nb6 Kf5 45. Ke2 Kg5 46. Kf1 Kh4 47. Kg2 Be5 48. Nd5 Bd6
49. Nf6 Be5 50. Nd5 e2 51. Kf2 Kh3 52. Kxe2 Kxh2 53. Ne7 Kg3 54. Nf5+ Kh2 55. Kf2
Bf6 56. Kf1 h4 57. Kf2 h3 58. Kf1 Kh1 59. Kf2 Be5 60. Kf1 h2 61. Kf2 Bf6 62. Kf1
Bd4 63. Nh4 Bg1 1/2-1/2

[Event "2024 British Rapidplay Championship"]
[Site "Holiday Inn Peterborough - West"]
[Date "2024.03.03"]
[Round "9.26"]
[White "Southcott-Moyers, Indy"]
[Black "Nicholas, Koichi B"]
[Result "0-1"]
[WhiteFideId "488542"]
[BlackFideId "409820"]
[WhiteElo "1993"]
[BlackElo "1987"]
[EventDate "2024.03.02"]

1. d4 Nf6 2. c4 c5 3. d5 b5 4. cxb5 a6 5. b6 a5 6. Nc3 Ba6 7. Nf3 g6 8. g3 d6 9.
Bg2 Bg7 10. O-O O-O 11. Re1 Nbd7 12. e4 Ng4 13. Bf4 Qxb6 14. Qc2 Rab8 15. Rab1 Rb7
16. Na4 Qa7 17. Bf1 Rfb8 18. b3 c4 19. h3 cxb3 20. axb3 Nge5 21. Nxe5 Nxe5 22. Bxe5
Bxe5 23. Bxa6 Qxa6 24. Rec1 Rb4 25. Kg2 Qb7 26. h4 Rxb3 27. Rxb3 Qxb3 28. Qxb3 Rxb3
29. Rc8+ Kg7 30. Ra8 Rb4 31. Rxa5 Rxe4 32. Nb6 Re2 33. Kf3 Rc2 34. Ra4 h5 35. Nc4
Bf6 36. Ne3 Rd2 37. Ra5 Bd4 38. Rb5 Bc5 39. Rb7 Kf6 40. Rb5 Ra2 41. Nd1 Ra7 42. Ne3
Ke5 43. Ke2 Rc7 44. Kd3 Bxe3 45. Kxe3 Rc3+ 46. Ke2 Rc5 47. Rb7 Kf6 48. Ke3 Rxd5 49.
Ke4 Re5+ 50. Kf3 Rf5+ 51. Ke3 Ra5 52. Ke4 Ke6 53. Ke3 Ra4 54. Rc7 d5 55. Rc6+ Kd7
56. Rb6 e5 57. Kd3 Ra3+ 58. Ke2 d4 59. Kd2 Ra2+ 60. Ke1 Ke7 61. Rc6 Ra5 62. Ke2 Rd5
63. Kd3 Rd6 64. Rc5 Ke6 65. Ra5 Rb6 66. Ke4 f5+ 67. Kf3 Rc6 68. Rb5 Kd6 69. Ra5 Rc3+
70. Ke2 e4 71. Ra6+ Rc6 72. Ra5 d3+ 73. Ke3 Rc2 74. Ra6+ Kd5 75. Rxg6 Re2+ 76. Kf4
Rxf2+ 77. Ke3 Rf3+ 78. Kd2 Ke5 79. g4 Rf2+ 80. Ke1 Re2+ 81. Kd1 hxg4 82. h5 Rh2 83.
h6 Kf4 84. Rd6 Ke3 85. Kc1 Rh1+ 86. Kb2 g3 87. Rg6 f4 88. Kc3 d2 89. Rd6 Rxh6 90.
Rxd2 Rc6+ 0-1

[Event "2024 British Rapidplay Championship"]
[Site "Holiday Inn Peterborough - West"]
[Date "2024.03.03"]
[Round "9.27"]
[White "Dupuis, Denis K"]
[Black "Fava, Lorenzo"]
[Result "0-1"]
[WhiteFideId "452980"]
[BlackFideId "2837434"]
[WhiteElo "1934"]
[BlackElo "1913"]
[EventDate "2024.03.02"]

1. e4 Nf6 2. Nc3 d5 3. exd5 Nxd5 4. Nxd5 Qxd5 5. Nf3 g6 6. d4 Bg7 7. Be2 O-O 8. Be3
c5 9. O-O Nc6 10. c4 Qd6 11. d5 Ne5 12. Nd2 Bf5 13. f4 Nd3 14. g4 Nxb2 15. Qb3 Bd7
16. Ne4 Qc7 17. Rab1 Na4 18. Qxb7 Rfc8 19. Qxc7 Rxc7 20. f5 Be5 21. Rb3 Rac8 22.
fxg6 hxg6 23. Ra3 Rb8 24. Bd1 Rb4 25. Bxa4 Bxa4 26. Nxc5 Rxc4 27. Rxa4 R7xc5 28.
Rxa7 Rxg4+ 29. Kf2 0-1

[Event "2024 British Rapidplay Championship"]
[Site "Holiday Inn Peterborough - West"]
[Date "2024.03.03"]
[Round "9.28"]
[White "Iyengar, Ilya"]
[Black "Patel, Zain"]
[Result "1-0"]
[WhiteFideId "405949"]
[BlackFideId "469246"]
[WhiteElo "1951"]
[BlackElo "1828"]
[EventDate "2024.03.02"]

1. d4 Nf6 2. Nf3 e6 3. Bg5 d5 4. c4 Be7 5. Nc3 O-O 6. e3 Nbd7 7. cxd5 Nxd5 8. Bxe7
Qxe7 9. Nxd5 exd5 10. Bd3 Nf6 11. O-O b6 12. Rc1 Bb7 13. Qc2 Rac8 14. Bf5 Rb8 15.
Qxc7 Qb4 16. Qc3 Qa4 17. b3 Qa3 18. Rc2 g6 19. Bh3 Ne4 20. Qb2 Qxb2 21. Rxb2 Bc8
22. Rc1 Bxh3 23. gxh3 Rfc8 24. Rbc2 Rxc2 25. Rxc2 Rb7 26. h4 b5 27. Ng5 Nf6 28. Rc6
Kg7 29. Kg2 h6 30. Nf3 b4 31. Ne5 Ne4 32. Nd3 Rb8 33. Rc7 a5 34. Ne5 Nd6 35. Rd7
Rb6 36. Kf3 Kf6 37. Ra7 Rb5 38. Ra6 Ke7 39. Ke2 Ne4 40. Ra7+ Ke6 41. Rxf7 Nc3+ 42.
Kd3 Nxa2 43. Rg7 Rb8 44. Rxg6+ Kf5 45. Rxh6 a4 46. bxa4 b3 47. Rf6+ Kxf6 48. Nd7+
Kf5 49. Nxb8 b2 50. Kc2 Nc3 51. Kxb2 Nxa4+ 52. Kb3 Nb6 53. f3 Nc4 54. e4+ dxe4 55.
fxe4+ 1-0

[Event "2024 British Rapidplay Championship"]
[Site "Holiday Inn Peterborough - West"]
[Date "2024.03.03"]
[Round "9.29"]
[White "He, Tom Junde"]
[Black "Crawford, Owen"]
[Result "1-0"]
[WhiteFideId "488810"]
[BlackFideId "343409393"]
[WhiteElo "1922"]
[BlackElo "1917"]
[EventDate "2024.03.02"]

1. Nf3 Nf6 2. g3 g6 3. Bg2 c5 4. c4 Bg7 5. O-O O-O 6. Nc3 Nc6 7. b3 d6 8. Bb2 Rb8
9. d4 cxd4 10. Nxd4 Bd7 11. e3 a6 12. Rc1 Qa5 13. a3 Rfc8 14. b4 Qd8 15. Nce2 Ne5
16. Qb3 h5 17. h4 b6 18. Nf4 Qe8 19. Qa2 Rc7 20. c5 bxc5 21. bxc5 Rxc5 22. Rxc5 dxc5
23. Nde6 Neg4 24. Nxc5 Bc6 25. Nxa6 Rxb2 26. Qxb2 Bxg2 27. Nxg2 Qc6 28. Nb4 Qf3 29.
Ne1 Qf5 30. Qc2 Qe6 31. Nf3 Ne4 32. Qc6 Qf5 33. Kg2 e5 34. Nd5 Bf8 35. a4 g5 36.
hxg5 h4 37. gxh4 1-0

[Event "2024 British Rapidplay Championship"]
[Site "Holiday Inn Peterborough - West"]
[Date "2024.03.03"]
[Round "9.30"]
[White "Walton, Alan J"]
[Black "Vijayakumar, Rishi"]
[Result "0-1"]
[WhiteFideId "409898"]
[BlackFideId "2408953"]
[WhiteElo "2063"]
[BlackElo "1809"]
[EventDate "2024.03.02"]

1. d4 Nf6 2. Bg5 d5 3. e3 c5 4. c3 Nc6 5. Nf3 Ne4 6. Bf4 Bf5 7. Nbd2 e6 8. Nxe4 Bxe4
9. Ne5 Bd6 10. Bb5 Bxe5 11. Bxe5 f6 12. Bf4 Qb6 13. Qb3 O-O 14. Bxc6 Qxc6 15. O-O
c4 16. Qb4 h5 17. Qd6 e5 18. Qxc6 bxc6 19. Bg3 Rab8 20. b4 cxb3 21. axb3 Rxb3 22.
Rxa7 Re8 23. Rc1 Bd3 24. h3 exd4 25. cxd4 Bb5 26. Rb7 Ra3 27. Rb8 Rxb8 28. Bxb8 Kf7
29. Bd6 Ra2 30. Rb1 Ke6 31. Bc5 Kf5 32. Re1 Bd3 33. Rc1 g5 34. Be7 Bc4 35. Re1 Ke6
36. Bc5 Kf5 37. Be7 g4 38. hxg4+ hxg4 39. Rb1 Bb5 40. Re1 Ke6 41. Bc5 Kf5 42. Be7
Bc4 43. Rb1 Bb5 44. Re1 Bd3 45. Rc1 Bc4 46. Rb1 Bb5 47. Re1 Ke6 48. Bc5 f5 49. g3
Be2 50. Rc1 Bf3 51. Kf1 Be4 52. Bb4 Kd7 53. Be1 Bd3+ 54. Kg2 Be4+ 55. Kf1 Bf3 56.
Rb1 Ra8 57. Rb7+ Ke6 58. Rh7 Ra1 59. Rc7 Be4 60. Ke2 Bf3+ 61. Kf1 Kd6 62. Rf7 Ke6
63. Rc7 Rc1 64. Ra7 Be4 65. Ke2 Bf3+ 66. Kf1 Rb1 67. Rc7 Kd6 68. Rf7 Be4 69. Ke2
Bf3+ 70. Kf1 Ke6 71. Rc7 Rc1 72. Ra7 Rb1 73. Rc7 Rb6 74. Ba5 Ra6 75. Be1 Rb6 76.
Ba5 Ra6 77. Be1 Kd6 78. Rf7 Ra1 79. Rb7 Rc1 80. Rf7 c5 81. dxc5+ Kc6 82. Rf8 Kb5
83. Rb8+ Kc6 84. Rc8+ Kd7 85. Rf8 Rxc5 86. Rf6 Rc1 87. Rb6 Ke7 88. Rh6 Kf7 89. Rb6
Be4 90. Ke2 Bf3+ 91. Kf1 Ra1 92. Rh6 Kg7 93. Rb6 Kf7 94. Rh6 Be4 95. Ke2 Ra2+ 96.
Bd2 Bf3+ 97. Kd3 Be4+ 98. Ke2 Rb2 99. Rd6 Bf3+ 100. Kd3 Be4+ 101. Ke2 Ra2 102. Rh6
Kg7 103. Rd6 Bf3+ 104. Kd3 Be4+ 105. Ke2 Rc2 106. Rb6 Bf3+ 107. Kd3 Be4+ 108. Ke2
Ra2 109. Rd6 Ra3 110. Bc1 Ra2+ 111. Bd2 Ra3 112. Bc1 Rb3 113. Rc6 Kf7 114. Rd6 Rc3
115. Bd2 Ra3 116. Bc1 Ra2+ 117. Bd2 Bf3+ 118. Kd3 Be4+ 119. Ke2 Ke7 120. Rb6 Kd7
121. Rh6 Ra3 122. Rb6 Bf3+ 0-1

[Event "2024 British Rapidplay Championship"]
[Site "Holiday Inn Peterborough - West"]
[Date "2024.03.03"]
[Round "9.31"]
[White "Takvorian, Sebouh"]
[Black "Sivanandan, Bodhana"]
[Result "0-1"]
[WhiteFideId "430960"]
[BlackFideId "497592"]
[WhiteElo "1735"]
[BlackElo "1904"]
[EventDate "2024.03.02"]

1. e4 c6 2. d4 d5 3. exd5 cxd5 4. c4 Nf6 5. Nc3 g6 6. Nf3 Bg7 7. Be3 O-O 8. Qb3 dxc4
9. Bxc4 Nc6 10. Qc2 Bf5 11. Qd2 Rc8 12. Bb3 e6 13. O-O Ne4 14. Qe2 Ne7 15. Rac1 Qa5
16. Nb5 a6 17. Na3 b5 18. Rfd1 Nd5 19. Nh4 Nxe3 20. fxe3 Nd6 21. Bc2 Bxc2 22. Rxc2
Rxc2 23. Qxc2 Rc8 24. Qd2 Qxd2 25. Rxd2 Rc1+ 26. Kf2 Ne4+ 27. Ke2 Nxd2 28. Kxd2 Rc7
29. Nf3 Kf8 30. Ng5 Ke8 31. Nc2 Bf8 32. a3 Be7 33. Ne4 a5 34. b3 b4 35. a4 f5 36.
Nf2 Bd6 37. g3 e5 38. Nd3 e4 39. Nb2 Rc3 40. Nc4 Bc7 41. Kd1 Rxb3 42. d5 Rd3+ 0-1

[Event "2024 British Rapidplay Championship"]
[Site "Holiday Inn Peterborough - West"]
[Date "2024.03.03"]
[Round "9.32"]
[White "Shearsby, Jude"]
[Black "Williams, Ana"]
[Result "1-0"]
[WhiteFideId "462527"]
[BlackFideId "343419771"]
[WhiteElo "2028"]
[BlackElo "1804"]
[EventDate "2024.03.02"]

1. e4 c5 2. Nf3 d6 3. c3 Nf6 4. h3 Bd7 5. Bd3 Nc6 6. Bc2 g6 7. O-O Bg7 8. d4 cxd4
9. cxd4 O-O 10. Nc3 Rc8 11. Be3 e6 12. Qd2 Nb4 13. Bb1 Nc6 14. Rd1 d5 15. e5 Ne8
16. Bh6 f6 17. exf6 Nxf6 18. Bg5 a6 19. Ne5 Qc7 20. Re1 Rce8 21. Bf4 Qb6 22. Nf3
Ne4 23. Nxe4 dxe4 24. Rxe4 Ne7 25. a3 Bc6 26. Rxe6 Rxf4 27. Ba2 Rf7 28. Ng5 Bh6 29.
Rf6 Bxg5 30. Qxg5 Qxb2 31. Bxf7+ Kg7 32. Re1 Qxd4 33. Bxe8 1-0

[Event "2024 British Rapidplay Championship"]
[Site "Holiday Inn Peterborough - West"]
[Date "2024.03.03"]
[Round "9.33"]
[White "Jackson, Sheila"]
[Black "Kennedy, Aden"]
[Result "1/2-1/2"]
[WhiteFideId "402508"]
[BlackFideId "343401015"]
[WhiteElo "1986"]
[BlackElo "1639"]
[EventDate "2024.03.02"]

1. e4 g6 2. d4 Bg7 3. Nc3 c5 4. Nf3 cxd4 5. Nxd4 Nc6 6. Be3 Nf6 7. Nxc6 bxc6 8. e5
Ng8 9. f4 Nh6 10. Be2 Nf5 11. Bf2 d6 12. exd6 exd6 13. Qd2 a5 14. O-O O-O 15. Bf3
d5 16. Bc5 Re8 17. g3 Qc7 18. Rfe1 Bd7 19. Na4 Rab8 20. Rxe8+ Rxe8 21. Re1 h5 22.
Rxe8+ Bxe8 23. Bb6 Qd6 24. Qxa5 Qe6 25. Bf2 h4 26. Qe1 Qxe1+ 27. Bxe1 hxg3 28. hxg3
Bd4+ 29. Kh2 Ne3 30. c3 Ba7 31. b4 f5 32. Nc5 Bxc5 33. bxc5 Nc4 34. Be2 Kf7 35. a4
Bd7 36. Bf2 Ke7 37. Bd4 Kf7 38. Kg2 Ke7 39. Kf2 Kd8 40. Bxc4 dxc4 41. Be5 Ke7 42.
Ke3 Bc8 43. Kd4 Ba6 44. a5 Ke6 1/2-1/2

[Event "2024 British Rapidplay Championship"]
[Site "Holiday Inn Peterborough - West"]
[Date "2024.03.03"]
[Round "9.34"]
[White "Green, Michael"]
[Black "Tiruchirapalli, Venkataramanan"]
[Result "0-1"]
[WhiteFideId "437514"]
[BlackFideId "5001579"]
[WhiteElo "1894"]
[BlackElo "2263"]
[EventDate "2024.03.02"]

1. c3 Nf6 2. d4 g6 3. Bf4 Bg7 4. h3 c5 5. e3 O-O 6. Nf3 b6 7. Be2 Bb7 8. O-O d6 9.
Nbd2 Nbd7 10. a4 Re8 11. Bh2 e5 12. Nc4 Bxf3 13. Bxf3 e4 14. Be2 d5 15. Nd6 Re6 16.
c4 cxd4 17. exd4 a6 18. Qb3 Qe7 19. Qa3 Bf8 20. c5 bxc5 21. dxc5 Ne5 22. Rfd1 e3
23. f3 Bh6 24. b4 Nh5 25. Rd4 Nc6 26. Rad1 Nxd4 27. Rxd4 Qf6 28. Qd3 Bf4 29. Bxf4
Nxf4 30. Rxf4 Qxf4 31. Qxd5 Rd8 32. b5 axb5 33. axb5 Qg3 34. Qd1 Rexd6 35. cxd6 Rxd6
36. Qf1 Rd2 37. f4 Rb2 38. f5 gxf5 39. Qxf5 Rxe2 40. Qc8+ Kg7 41. Qc3+ f6 42. Qc7+
Qxc7 0-1

[Event "2024 British Rapidplay Championship"]
[Site "Holiday Inn Peterborough - West"]
[Date "2024.03.03"]
[Round "9.35"]
[White "Herring, Sam AC"]
[Black "Moreby, James E"]
[Result "1/2-1/2"]
[WhiteFideId "429767"]
[BlackFideId "427756"]
[WhiteElo "1895"]
[BlackElo "2248"]
[EventDate "2024.03.02"]

1. Nf3 g6 2. g3 Bg7 3. Bg2 c5 4. c4 Nc6 5. Nc3 e5 6. d3 Nge7 7. a3 O-O 8. Rb1 a5
9. Nd2 d6 10. Nf1 Be6 11. Ne3 Rb8 12. Ned5 Bxd5 13. Nxd5 Nxd5 14. Bxd5 Ne7 15. Bg2
b5 16. O-O Qd7 17. Bd2 a4 18. b4 cxb4 19. Rxb4 bxc4 20. dxc4 Rxb4 21. Bxb4 Rd8 22.
Qc2 Nc6 23. Qxa4 Nd4 24. Qd1 Qg4 25. e3 Ne2+ 26. Kh1 Qxc4 27. Bd5 Qg4 28. f3 Nxg3+
29. hxg3 Qxg3 30. Qe2 Qh3+ 31. Kg1 Bh6 32. Rf2 Rc8 33. Bd2 Rb8 34. Bb4 Rc8 35. Bd2
Rb8 36. Be4 Rb2 37. Rh2 1/2-1/2

[Event "2024 British Rapidplay Championship"]
[Site "Holiday Inn Peterborough - West"]
[Date "2024.03.03"]
[Round "9.36"]
[White "Ortiz Sanchez, Luis"]
[Black "Burrows, Martin P"]
[Result "1-0"]
[WhiteFideId "24581160"]
[BlackFideId "409057"]
[WhiteElo "1909"]
[BlackElo "2057"]
[EventDate "2024.03.02"]

1. e4 e5 2. Nf3 Nc6 3. Nc3 Nf6 4. Bb5 Bb4 5. O-O O-O 6. d3 Bxc3 7. bxc3 d6 8. Bg5
a6 9. Ba4 Qe7 10. Nd2 h6 11. Bh4 g5 12. Bg3 b5 13. Bb3 Na5 14. a3 Nxb3 15. cxb3 Bg4
16. f3 Be6 17. Re1 Nh5 18. Nf1 Qf6 19. Ne3 Qg6 20. c4 c6 21. Qd2 Nf4 22. d4 bxc4
23. bxc4 Rfb8 24. d5 cxd5 25. cxd5 Bd7 26. Rab1 Bb5 27. Nf5 Qf6 28. Bf2 Kh7 29. h3
Rc8 30. Kh2 Rc4 31. Rec1 Rac8 32. Rxc4 Rxc4 33. Rb4 Rxb4 34. axb4 Qd8 35. Be3 Qc7
36. Bxf4 gxf4 37. g3 Bd7 38. gxf4 Bxf5 39. exf5 f6 40. fxe5 fxe5 41. Qd3 Qb6 42.
f6+ Kh8 43. Qc2 Qd8 44. Qg6 Qf8 45. f7 Qg7 46. Qxd6 Qxf7 47. Qxe5+ Kh7 48. d6 Qxf3
49. Qc5 Qe2+ 50. Kg3 Qe1+ 51. Kf4 Qh4+ 52. Ke5 Kg6 53. d7 Qf6+ 54. Kd5 Kf7 55. Qd6
Qf5+ 56. Kc6 Qc2+ 57. Kb7 Qe4+ 58. Kc8 Qa8+ 59. Kc7 Qa7+ 60. Kc6 Qa8+ 61. Kb6 Qd8+
62. Qc7 Qf6+ 63. Qc6 Qd4+ 64. Kc7 Qa7+ 65. Kd6 Qb8+ 66. Kd5 Qxb4 67. Qe6+ Kg7 68.
Qe5+ Kf7 69. d8=Q Qb5+ 70. Kd6 Qb4+ 71. Kc7 Qc4+ 72. Kb7 Qb4+ 73. Qb6 1-0

[Event "2024 British Rapidplay Championship"]
[Site "Holiday Inn Peterborough - West"]
[Date "2024.03.03"]
[Round "9.37"]
[White "Sagues, Vincent"]
[Black "Mikalajunas, Kajus"]
[Result "1/2-1/2"]
[WhiteFideId "625680"]
[BlackFideId "483621"]
[WhiteElo "1891"]
[BlackElo "2042"]
[EventDate "2024.03.02"]

1. e4 c6 2. d4 d5 3. Nc3 dxe4 4. Nxe4 Nf6 5. Nxf6+ exf6 6. c3 Bd6 7. Bd3 O-O 8. Ne2
Re8 9. O-O Nd7 10. Ng3 Nf8 11. Nf5 Bxf5 12. Bxf5 g6 13. Bd3 f5 14. Bd2 Ne6 15. Qf3
c5 16. d5 Nc7 17. c4 b5 18. b3 b4 19. a4 Qf6 20. Rab1 Re7 21. Rfe1 Rae8 22. Rxe7
Rxe7 23. g3 Qd4 24. Kg2 Ne8 25. Bg5 f6 26. Bc1 Be5 27. Bb2 Qg4 28. Qxg4 fxg4 29.
Re1 Kf7 30. Bc1 Nd6 31. f4 Bd4 32. Rxe7+ Kxe7 33. Bd2 f5 34. Kf1 Nb7 35. Ke2 Kd6
36. Bc1 Na5 37. Bc2 h5 38. Bd2 Nb7 39. Be3 Bf6 40. Bd2 h4 41. Be3 Nd8 42. Bf2 h3
43. Be3 Bd4 44. Kd2 a6 45. Ke2 Bxe3 1/2-1/2

[Event "2024 British Rapidplay Championship"]
[Site "Holiday Inn Peterborough - West"]
[Date "2024.03.03"]
[Round "9.38"]
[White "Birtwistle, Nigel"]
[Black "Baer, Bruce L"]
[Result "0-1"]
[WhiteFideId "406945"]
[BlackFideId "488801"]
[WhiteElo "2114"]
[BlackElo "1918"]
[EventDate "2024.03.02"]

1. e4 g6 2. d4 Bg7 3. c4 d6 4. Nc3 e5 5. Nge2 Nd7 6. d5 f5 7. exf5 gxf5 8. Ng3 Ndf6
9. Bd3 e4 10. Be2 Bd7 11. Nh5 Nxh5 12. Bxh5+ Kf8 13. Be3 Nf6 14. Be2 a6 15. O-O Qe7
16. Bd4 f4 17. Re1 Rg8 18. Bf3 Bf5 19. Qd2 Bh6 20. Bxf6 Qxf6 21. Nxe4 Qg6 22. Kh1
Re8 23. Nc3 Re5 24. Rxe5 dxe5 25. Re1 Bg7 26. c5 Bf6 27. d6 c6 28. d7 Kg7 29. Ne4
Rd8 30. Nd6 Rxd7 31. Qe2 Bd3 32. Qd1 Bc2 33. Qd2 Bf5 34. Qb4 Be6 35. Be4 Qh5 36.
Nxb7 Bh4 37. Bxc6 Bxf2 38. Bxd7 Bg3 39. h3 Bxd7 40. Qd2 Bc6 41. Kg1 0-1

[Event "2024 British Rapidplay Championship"]
[Site "Holiday Inn Peterborough - West"]
[Date "2024.03.03"]
[Round "9.39"]
[White "Alizada, Eldar A"]
[Black "Dicen, Elis Denele"]
[Result "1/2-1/2"]
[WhiteFideId "464104"]
[BlackFideId "462560"]
[WhiteElo "1975"]
[BlackElo "1892"]
[EventDate "2024.03.02"]

1. d4 d5 2. c4 e6 3. Nc3 Nf6 4. cxd5 exd5 5. Bg5 c6 6. e3 Be7 7. Bd3 Nbd7 8. Nge2
h6 9. Bh4 Nh5 10. Bxe7 Qxe7 11. O-O O-O 12. Qc2 Nhf6 13. Ng3 Nb6 14. Rfe1 c5 15.
dxc5 Qxc5 16. Nce4 Nxe4 17. Bxe4 Qe7 18. Bh7+ Kh8 19. Bf5 Be6 20. Rac1 Rac8 21. Qd3
Nc4 22. b3 Nd6 23. Red1 Nxf5 24. Nxf5 Qa3 25. Ra1 Rfd8 26. Nd4 Bg4 27. f3 Be6 28.
Qd2 a6 29. Rac1 Qd6 30. Rxc8 Rxc8 31. Rc1 Qd7 32. Rxc8+ Qxc8 33. Qc2 Qd7 34. Qc5
Kh7 35. Kf2 Qd8 36. g3 b5 37. Qc6 Qa5 38. Qc2+ Kg8 39. Ke2 Qb6 40. Qc6 Qa5 41. Qc2
1/2-1/2

[Event "2024 British Rapidplay Championship"]
[Site "Holiday Inn Peterborough - West"]
[Date "2024.03.03"]
[Round "9.40"]
[White "Brett, Andrew R"]
[Black "Hng, Mei-En Emmanuelle"]
[Result "0-1"]
[WhiteFideId "416460"]
[BlackFideId "5804566"]
[WhiteElo "2119"]
[BlackElo "1974"]
[EventDate "2024.03.02"]

1. d4 Nf6 2. c4 e6 3. Nc3 c5 4. Nf3 cxd4 5. Nxd4 Bb4 6. g3 O-O 7. Bg2 d5 8. cxd5
Nxd5 9. Qb3 Qb6 10. Bxd5 exd5 11. Be3 Bh3 12. Rd1 Qa5 13. f3 Nc6 14. Kf2 Bxc3 15.
bxc3 Rfe8 16. Bf4 Nxd4 17. Rxd4 Be6 18. Ra4 Qc5+ 19. Be3 d4 20. Qxb7 dxe3+ 21. Kg2
Rab8 22. Qe4 Bh3+ 23. Kxh3 Rxe4 24. Rxe4 Qxc3 25. Rd1 Qc2 26. Red4 h6 0-1

[Event "2024 British Rapidplay Championship"]
[Site "Holiday Inn Peterborough - West"]
[Date "2024.03.03"]
[Round "9.41"]
[White "Rich, Ben S"]
[Black "Leung, Hao Ran"]
[Result "1-0"]
[WhiteFideId "490431"]
[BlackFideId "6012620"]
[WhiteElo "1918"]
[BlackElo "1865"]
[EventDate "2024.03.02"]

1. a3 d5 2. c4 Nf6 3. b4 d4 4. Nf3 b6 5. Bb2 c5 6. d3 Nbd7 7. g3 Bb7 8. Bg2 g6 9.
O-O Bg7 10. Nbd2 O-O 11. Rb1 Qc7 12. Re1 e5 13. Qc2 Rae8 14. e3 dxe3 15. Rxe3 Ng4
16. Re2 f5 17. h3 Ngf6 18. bxc5 bxc5 19. Rbe1 e4 20. dxe4 Nxe4 21. Bxg7 Kxg7 22.
Ng5 Ndf6 23. Ndxe4 fxe4 24. Nxe4 Bxe4 25. Bxe4 Qa5 26. Qb2 Rb8 27. Qa1 Rb3 28. Re3
Rfb8 29. Bd5 Rb2 30. Re7+ Kh8 31. Qc1 Qd2 32. Qxd2 Rxd2 33. Rxa7 Rbb2 34. Ree7 Rb8
35. g4 Nxd5 36. Rxh7+ Kg8 37. cxd5 Rxd5 38. Rhg7+ Kh8 39. Rxg6 Rd2 40. Rc6 Rc2 41.
Rac7 Rb1+ 42. Kg2 Rbb2 43. Rf7 Kg8 44. Rf5 c4 45. Rf4 c3 46. Rf3 Rb3 47. a4 Ra3 48.
a5 Rxa5 49. Rcxc3 Rd2 50. Rc7 Re5 51. Rb3 Re8 52. Kg3 Rd1 53. f4 Rg1+ 54. Kh4 Rf1
55. Kg5 Rf8 56. f5 Rd1 57. Rbb7 Re8 58. Kg6 Rd6+ 59. f6 Ra8 60. Rg7+ Kf8 61. Rbf7+
Ke8 62. Rg8# 1-0

[Event "2024 British Rapidplay Championship"]
[Site "Holiday Inn Peterborough - West"]
[Date "2024.03.03"]
[Round "9.42"]
[White "Dasgupta, Avyukt"]
[Black "Milewska, Agnieszka"]
[Result "1-0"]
[WhiteFideId "480630"]
[BlackFideId "1196391"]
[WhiteElo "1905"]
[BlackElo "1823"]
[EventDate "2024.03.02"]

1. e4 e5 2. Nf3 Nc6 3. Bb5 d6 4. d4 exd4 5. Nxd4 Bd7 6. O-O Nf6 7. Nc3 Be7 8. Bf4
O-O 9. Nxc6 Bxc6 10. Bxc6 bxc6 11. e5 dxe5 12. Bxe5 Nd5 13. Qd4 f6 14. Bg3 Rb8 15.
b3 Rb4 16. Qd3 a5 17. Rad1 Nxc3 18. Qxc3 Bd6 19. Bxd6 cxd6 20. Qxc6 Rb6 21. Qd5+
Rf7 22. Qxa5 Rd7 23. c4 Qb8 24. Qd5+ Kf8 25. Rfe1 Ra7 26. Re2 Rba6 27. g3 Re7 28.
Rxe7 Kxe7 29. Re1+ Kf8 30. Re2 h6 31. Qf3 Rb6 32. Qe3 Qd8 33. Rd2 Rb7 34. c5 d5 35.
Qd4 Rd7 36. c6 Rd6 37. Qc5 1-0

[Event "2024 British Rapidplay Championship"]
[Site "Holiday Inn Peterborough - West"]
[Date "2024.03.03"]
[Round "9.43"]
[White "Pink, Joshua"]
[Black "Fraser-Mitchell, Jeremy N"]
[Result "1-0"]
[WhiteFideId "424790"]
[BlackFideId "405000"]
[WhiteElo "1891"]
[BlackElo "1984"]
[EventDate "2024.03.02"]

1. Nc3 e6 2. f4 d5 3. Nf3 c5 4. e3 Nf6 5. d3 Nc6 6. Be2 g6 7. O-O Bg7 8. e4 O-O 9.
Qe1 b6 10. Qh4 Nd4 11. Bd1 dxe4 12. dxe4 Bb7 13. Re1 Nxf3+ 14. Bxf3 a6 15. Be3 Qc7
16. Rad1 Rad8 17. Rxd8 Rxd8 18. Bf2 Rd2 19. e5 Nd5 20. Ne4 Rxc2 21. Rd1 Ne7 22. Nf6+
Bxf6 23. exf6 Nf5 24. Qg4 h5 25. Qh3 Bxf3 26. Qxf3 Qc8 27. h3 Rxb2 28. g4 hxg4 29.
hxg4 Nh6 30. Qh3 Qf8 31. Be3 c4 32. f5 exf5 33. Bxh6 fxg4 34. Qc3 Qxh6 1-0

[Event "2024 British Rapidplay Championship"]
[Site "Holiday Inn Peterborough - West"]
[Date "2024.03.03"]
[Round "9.44"]
[White "Rich, Aaron"]
[Black "Lishoy Gengis Paratazham, Dildarav"]
[Result "1/2-1/2"]
[WhiteFideId "499951"]
[BlackFideId "491462"]
[WhiteElo "1767"]
[BlackElo "1913"]
[EventDate "2024.03.02"]

1. b3 e5 2. Bb2 d6 3. e3 g6 4. f4 Nd7 5. Nf3 Bg7 6. fxe5 dxe5 7. Bc4 Qe7 8. O-O Ngf6
9. Nc3 c6 10. a4 O-O 11. a5 a6 12. Ng5 h6 13. Nge4 Nxe4 14. Nxe4 Kh7 15. Ba3 c5 16.
Nc3 f5 17. Nd5 Qd6 18. Rb1 b5 19. axb6 Nxb6 20. Nxb6 Qxb6 21. Qe1 Bb7 22. Rf2 Qc6
23. Qe2 f4 24. Rbf1 Rae8 25. d3 fxe3 26. Rxf8 Rxf8 27. Bc1 Rxf1+ 28. Kxf1 e4 29.
Bxe3 exd3 30. Bxd3 Qf6+ 31. Kg1 Qa1+ 32. Qf1 Qe5 33. Qf2 Qa1+ 34. Qf1 Qe5 35. Qf2
Qa1+ 36. Qf1 Qe5 1/2-1/2

[Event "2024 British Rapidplay Championship"]
[Site "Holiday Inn Peterborough - West"]
[Date "2024.03.03"]
[Round "9.45"]
[White "Khoury, Theo"]
[Black "Kaushik, Madhav"]
[Result "1-0"]
[WhiteFideId "480703"]
[BlackFideId "499986"]
[WhiteElo "1968"]
[BlackElo "1559"]
[EventDate "2024.03.02"]

1. e4 c5 2. Nf3 d6 3. d4 cxd4 4. Nxd4 Nf6 5. Nc3 a6 6. f3 e5 7. Nb3 Be6 8. Be3 Be7
9. Qd2 h5 10. Nd5 Nxd5 11. exd5 Bf5 12. Be2 Nd7 13. Na5 Rc8 14. c4 Qc7 15. b4 e4
16. f4 Nf6 17. Rc1 Ng4 18. Bd4 Rg8 19. O-O Bd7 20. c5 dxc5 21. bxc5 e3 22. Qe1 Bf6
23. Bxf6 Nxf6 24. d6 Qb8 25. Bf3 Bc6 26. Qxe3+ 1-0

[Event "2024 British Rapidplay Championship"]
[Site "Holiday Inn Peterborough - West"]
[Date "2024.03.03"]
[Round "9.46"]
[White "White, Stuart A"]
[Black "Ganti, Shriaansh"]
[Result "1-0"]
[WhiteFideId "407747"]
[BlackFideId "343104781"]
[WhiteElo "2147"]
[BlackElo "1886"]
[EventDate "2024.03.02"]

1. d4 e6 2. c4 Nf6 3. Nc3 d5 4. cxd5 exd5 5. Bg5 Be7 6. e3 c6 7. Bd3 O-O 8. Qc2 h6
9. Bh4 Be6 10. Nge2 Nbd7 11. O-O Rc8 12. f3 c5 13. dxc5 Bxc5 14. Nd4 a6 15. Rad1
b5 16. Qd2 Qb6 17. Nce2 Rfe8 18. Bb1 Be7 19. Bf2 Ne5 20. b3 Rc7 21. Nf4 Bc5 22. Nd3
Bxd4 23. exd4 Ned7 24. Nc5 a5 25. b4 axb4 26. Qxb4 Nxc5 27. dxc5 Qc6 28. Bd3 Rb8
29. Bg3 Rcb7 30. Bxb8 Rxb8 31. Rb1 Nd7 32. Rfc1 Ne5 33. Bxb5 Qc7 34. Qd4 Ng6 35.
Bf1 Rc8 36. c6 Ne7 37. Qb6 Qe5 38. Ba6 Rc7 39. Bb7 d4 40. Re1 Qd6 41. Rbd1 Nf5 42.
a4 d3 43. a5 Bc4 44. a6 Bxa6 45. Qxa6 Nd4 46. Qxd3 Qb4 47. Re8+ 1-0